Southville International School and Colleges
Your cart is empty.
  • Cart
  • Lists
    Public lists Eva Luna New books Lux_list list_1
    Your lists Log in to create your own lists
  • Log in to your account
  • Your cookies
  • Search history
Southville International School and Colleges
  • Advanced search
  • Recent comments
  • Most popular
  • Libraries

Log in to your account

Log in with GOOGLE


If you do not have an external account, but do have a local account, you can still log in:

  1. Home
  2. MARC view: The Calabrian Abbot :
Normal view MARC view ISBD view

The Calabrian Abbot : (Record no. 9045)

[ view plain ]
MARC details
000 -LEADER
fixed length control field 00933cam a2200277 a 4500
001 - CONTROL NUMBER
control field 3787562
003 - CONTROL NUMBER IDENTIFIER
control field OSt
005 - DATE AND TIME OF LATEST TRANSACTION
control field 20140310182053.0
008 - FIXED-LENGTH DATA ELEMENTS--GENERAL INFORMATION
fixed length control field 840910s1985 nyua b 001 0 eng
010 ## - LIBRARY OF CONGRESS CONTROL NUMBER
LC control number 84021310
020 ## - INTERNATIONAL STANDARD BOOK NUMBER
International Standard Book Number 0029195500 :
Terms of availability $24.95 (est.)
040 ## - CATALOGING SOURCE
Original cataloging agency DLC
Transcribing agency DLC
Modifying agency DLC
050 00 - LIBRARY OF CONGRESS CALL NUMBER
Classification number BX 4705.J6
Item number .M38 1985
082 00 - DEWEY DECIMAL CLASSIFICATION NUMBER
Classification number HS 230.2
Item number M17 1985
100 ## - MAIN ENTRY--PERSONAL NAME
Personal name McGinn, Bernard,
Dates associated with a name 1937-
9 (RLIN) 12260
245 14 - TITLE STATEMENT
Title The Calabrian Abbot :
Remainder of title Joachim of Fiore in the history of Western thought /
Statement of responsibility, etc Bernard McGinn.
260 ## - PUBLICATION, DISTRIBUTION, ETC. (IMPRINT)
Place of publication, distribution, etc New York :
Name of publisher, distributor, etc Macmillan,
Date of publication, distribution, etc c1985.
300 ## - PHYSICAL DESCRIPTION
Extent 261 p. ;
Other physical details ill. ;
Dimensions 25 cm.
504 ## - BIBLIOGRAPHY, ETC. NOTE
Bibliography, etc Includes bibliographies and index.
562 ## - COPY AND VERSION IDENTIFICATION NOTE
Number of copies For circulation. 1 copy available in the collection
600 00 - SUBJECT ADDED ENTRY--PERSONAL NAME
Personal name Joachim,
Titles and other words associated with a name of Fiore,
Dates associated with a name ca. 1132-1202.
9 (RLIN) 12261
650 #0 - SUBJECT ADDED ENTRY--TOPICAL TERM
Topical term or geographic name as entry element Religious thought
Chronological subdivision Middle Ages, 600-1500.
9 (RLIN) 12262
906 ## - LOCAL DATA ELEMENT F, LDF (RLIN)
a 7
b cbc
c orignew
d 1
e ocip
f 19
g y-gencatlg
942 ## - ADDED ENTRY ELEMENTS (KOHA)
Source of classification or shelving scheme Library of Congress Classification
Holdings
Withdrawn status Lost status Source of classification or shelving scheme Damaged status Home library Current library Shelving location Date acquired Total Checkouts Full call number Barcode Date last seen Copy number Price effective from Koha item type
    Library of Congress Classification   Luxembourg Library Luxembourg Library High School Section 08/22/2013   BX 4705.J6 .M38 1985 17852 04/19/2016 1 08/22/2013 Books

The Calabrian Abbot :

APA

McGinn B., . (1985). The Calabrian Abbot. New York: Macmillan.

Chicago

McGinn Bernard, . 1985. The Calabrian Abbot. New York: Macmillan.

Harvard

McGinn B., . (1985). The Calabrian Abbot. New York: Macmillan.

MLA

McGinn Bernard, . The Calabrian Abbot. New York: Macmillan. 1985.

  • Place hold
  • Print
  • Cite
  • Add to your cart (remove)
  • Save record
    BIBTEX Dublin Core MARCXML MARC (non-Unicode/MARC-8) MARC (Unicode/UTF-8) MARC (Unicode/UTF-8, Standard) MODS (XML) RIS
  • More searches
    Search for this title in:
    Other Libraries (WorldCat) Other Databases (Google Scholar) Online Stores (Bookfinder.com) Open Library (openlibrary.org)

Exporting to Dublin Core...

SOUTHVILLE LIBRARY

Southville International School and Colleges Library

1281 Tropical Ave. Cor. Luxembourg St., BF Homes International, Las Pinas City

Tel. No. 8256374 / 252358 Loc. 117/146

Powered by Koha